000 00610nam a2200193 i 4500
001 84896
003 ES-MaACL
005 20230906175132.0
007 t|
008 041124s1979 sp ||||1| spa d
100 1 _aJerez Mir, Rafael.
_966337
245 1 3 _aLa Filosofía en el bachillerato
_b: crisis y revisión /
_cRafael Jerez Mir.
260 _aGranada :
_bUniversidad de Granada,
_c1979.
300 _a59 p. ;
_c22 cm.
490 1 _aOrientación didáctica. Bachillerato
830 0 _aOrientación didáctica. Bachillerato
_9231679
852 _aES-MaACL
_jL-153
_bR.100902
999 _c84896
_d84896